Loading...

The Practice of public relations

Bibliographic Details
Main Author: Seitel, Fraser P
Format: Printed Book
Published: New Jersey, Prentice Hall 1995
Edition:Ed.6
Subjects:
LEADER 004720000a22001570004500
020 |a 0-20-408840-4 
082 |a 659.2 N5 
100 |a Seitel, Fraser P 
245 |a The Practice of public relations 
250 |a Ed.6 
260 |a New Jersey, Prentice Hall 
260 |c 1995 
650 |a United States 
942 |c BK 
999 |c 17867  |d 17867 
952 |0 0  |1 0  |4 0  |6 659_200000000000000_N5  |7 0  |8 ENG  |9 17673  |a MGUL  |b MGUL  |d 2013-07-16  |l 2  |o 659.2 N5  |p 28404  |r 2014-11-29  |s 2014-10-18  |w 2013-07-16  |y BK